00592 2200253 4500001002100000005001500021035002000036008004100056245007000097100001100167250000600178260002900184300000900213020001800222022000600240024000600246084001400252082000800266650001700274863000600291700002300297990000900320990000900329INLIS00000000000022920190909115133 a0010-0919000049190909 0 ind 1 aLatihan Apresiasi Sastra :bSastra /cHayati & Winarno Adiwardoyo aHayati a1 aJakarta :bBalai Pustaka c21cm a979-407-063-7 a0 a0 a876 HAY l a876 4aKesusastraan a00 aWinarno Adiwardoyo a1195 a1195